| 000 | 01396nam a22002057a 4500 | ||
|---|---|---|---|
| 999 |
_c62866 _d62866 |
||
| 005 | 20251125233059.0 | ||
| 008 | s2553 th tha d | ||
| 040 | _aNALT | ||
| 041 | _atha | ||
| 090 | _aIS 5/2553 65 | ||
| 100 | 0 |
_aชูพงศ์ นิลสกุล _92920 |
|
| 245 | 1 | 0 | _aการเพิ่มประสิทธิภาพการปฏิบัติงานด้านวิชาการของกลุ่มงานคณะกรรมาธิการความมั่นคงแห่งรัฐ (เอกสารวิชาการกรณีศึกษาส่วนบุคคล). |
| 260 |
_aกรุงเทพฯ : _bรัฐสภา, _c2553. |
||
| 300 |
_a76 หน้า : _bแผนภูมิ, ตาราง ; _c30 ซม. |
||
| 610 | 2 | 4 |
_917117 _aสำนักงานเลขาธิการสภาผู้แทนราษฎร. _bสำนักกรรมาธิการ 2. _bกลุ่มงานคณะกรรมาธิการความมั่นคงแห่งรัฐ _xประสิทธิภาพในการทำงาน |
| 850 | _aNALT | ||
| 856 | 4 | 0 | _uhttps://hdl.handle.net/20.500.14156/18484 |
| 942 |
_cIS _2local _02 |
||
| 998 |
_j1708 _k วลัยรัตน์ ชายท้าว |
||